Reto - W samo południe - Statystyki

Ogólne statystyki
  • Ten quiz został rozwiązany 179 razy
  • Średni wynik to 12 z 15
Statystyki odpowiedzi
Numer Tytuł Gość % Poprawnych
2 Billy Kid
94%
13 (Deluxe) BMW Avi
92%
4 Blask
86%
7 Paw
85%
3 Alarm
83%
9 Lemur
81%
8 Jeździec
80%
6 Gitara
79%
1 Rewolwer
79%
5 Bourbon
74%
11 Forsa
70%
10 Kingda Ka
69%
14 (Deluxe) Garou Olszakumpel & ZetHa
62%
12 (Deluxe) Smartwatch Joda & Saful
61%
15 (Deluxe) Serce Żaku PPS, Czerwin TWM & Frosti
59%
Nie znaleziono quizów pasujących do podanych kryteriów
Rozkład punktacji
Procent ludzi z każdym wynikiem
Percentyl według liczby udzielonych odpowiedzi
Twoja historia wyników
Nie rozwiązałeś tego quizu